Science Quiz

Random Science Quiz

Gemstone Minerals (Wikipedia) Quiz Stats

 Plays Quiz not verified by Sporcle

Score 0/47 Timer 15:00
0 Plays Today
Hint Gemstone % Correct
Corundum (and Ruby and Sapphire: which includes Padparadscha)
88.1%
Beryl (and Aquamarine, Bixbite, Emerald, Morganite)
86.3%
Diamond
85.6%
Quartz (and Amethyst, Citrine, Smoky Quartz, Tiger's-eye, and Chalcedony: which includes Agate, Aventurine, Onyx)
85.6%
Topaz
67.5%
Peridot
61.3%
Jasper
51.9%
Alexandrite
48.8%
Zircon
47.5%
Malachite
46.9%
Turquoise
46.9%
Feldspar (and Amazonite, Labradorite, Moonstone, Sunstone)
46.3%
Tourmaline
45%
Zoisite (and Tanzanite, Thulite)
36.9%
Sugilite
33.1%
Jade (and Jadeite, Nephrite)
30.6%
Garnet (and Andradite, Hessonite)
30%
Bloodstone
27.5%
Hematite
27.5%
Fluorite
26.3%
Pyrite
23.8%
Spinel
20.6%
Chrysoberyl (and Cat's Eye)
19.4%
Chrysocolla
18.1%
Hint Gemstone % Correct
Andalusite
17.5%
Jadeite
17.5%
Diopside
15.6%
Dioptase
12.5%
Celestite
11.9%
Kunzite
11.9%
Benitoite
10%
Axinite
9.4%
Chrysoprase
8.8%
Rhodochrosite
8.8%
Variscite
6.9%
Vesuvianite
5%
Danburite
4.4%
Prehnite
4.4%
Zeolite (and Thomsonite)
4.4%
Cassiterite
3.8%
Clinohumite
3.8%
Dumortierite
3.8%
Hambergite
3.8%
Cordierite
3.1%
Kornerupine
3.1%
Sérandite
2.5%
Xenotime
2.5%

You're not logged in!

Compare scores with friends on all Sporcle quizzes.
OR
Log In

Show Comments

Extras

Created Aug 23, 2015SourceReportNominate
Tags:gem, gemstone, mineral

Top Quizzes Today


Score Distribution

Your Account Isn't Verified!

In order to create a playlist on Sporcle, you need to verify the email address you used during registration. Go to your Sporcle Settings to finish the process.

Report this User

Report this user for behavior that violates our Community Guidelines.

Details: